Statistics for The Ultimate Austin Mahone quiz

Click here to take the quiz!

General Stats

  • This quiz has been taken 38 times
  • The average score is 11 of 15

Answer Stats

Hint Answer % Correct
What is his cat's name?Romo
97%
What is his favorite color?Red
93%
What is Austin's first single?11:11
90%
What is his favorite sport?Basketball
90%
What singer did he collaborate with in "Mmm Yeah?"Pitbull
86%
Does he have any siblings?No
86%
Who is his best friend?Alex constancio
79%
What is his favorite candy?Skittles
79%
What is his mom's name?Michele
72%
What singer did he collaborate with in "Say you're just a friend?"Flo Rida
72%
What was his Youtube channel he had calledShootusdown
62%
What are Austin, Alex, Robert, and Zach called?Foolish Four
62%
What is his first album called?The Secret
55%
What was the first song he covered on the channel above?beautiful soul
48%
What award did Austin win at the VMA's?Artist to watch
45%

Score Distribution

Percentile by Number Answered

Percent of People with Each Score

Your Score History

You have not taken this quiz